<?xml version="1.0" encoding="UTF-8"?>
<record
    xmlns:xsi="http://www.w3.org/2001/XMLSchema-instance"
    xsi:schemaLocation="http://www.loc.gov/MARC21/slim http://www.loc.gov/standards/marcxml/schema/MARC21slim.xsd"
    xmlns="http://www.loc.gov/MARC21/slim">

  <leader>01676nam a22002537a 4500</leader>
  <controlfield tag="003">AR-RoUNCS</controlfield>
  <controlfield tag="005">20260622172921.0</controlfield>
  <controlfield tag="007">ta</controlfield>
  <controlfield tag="008">260622s2000    sp |||||r|||| 00| 1 spa d</controlfield>
  <datafield tag="020" ind1=" " ind2=" ">
    <subfield code="a">8495594110</subfield>
  </datafield>
  <datafield tag="040" ind1=" " ind2=" ">
    <subfield code="a">AR-RoUNCS</subfield>
    <subfield code="c">AR-RoUNCS</subfield>
    <subfield code="b">spa</subfield>
  </datafield>
  <datafield tag="041" ind1=" " ind2=" ">
    <subfield code="a">spa</subfield>
  </datafield>
  <datafield tag="080" ind1=" " ind2=" ">
    <subfield code="0">84-32(82)</subfield>
  </datafield>
  <datafield tag="100" ind1=" " ind2=" ">
    <subfield code="a">Borges, Jorge Luis</subfield>
    <subfield code="d">1899-1986</subfield>
  </datafield>
  <datafield tag="245" ind1="1" ind2="3">
    <subfield code="a">El Aleph / </subfield>
    <subfield code="c">Jorge Luis Borges.</subfield>
  </datafield>
  <datafield tag="260" ind1=" " ind2=" ">
    <subfield code="a">Barcelona : </subfield>
    <subfield code="b">Sol,</subfield>
    <subfield code="c">c2000.</subfield>
  </datafield>
  <datafield tag="300" ind1=" " ind2=" ">
    <subfield code="a">140 p. ; </subfield>
    <subfield code="c">22 cm.</subfield>
  </datafield>
  <datafield tag="490" ind1="0" ind2=" ">
    <subfield code="a">Biblioteca de la Literatura Universal ; </subfield>
    <subfield code="v">17</subfield>
  </datafield>
  <datafield tag="505" ind1=" " ind2=" ">
    <subfield code="a">El inmortal -- El muerto -- Los te&#xF3;logos -- Historia del guerrero y de la cautiva -- Biograf&#xED;a de Tadeo Isidoro Cruz (1829-1874) -- Emma Zunz -- La casa de Asteri&#xF3;n -- La otra muerte -- Deutsches Requiem -- La busca de Averroes -- El Zahir -- La escritura del dios -- Abenjac&#xE1;n el Bojar&#xED;, muerto en su laberinto -- Los dos reyes y los dos laberintos -- La espera -- El hombre en el umbral -- El Aleph -- Ep&#xED;logo.-</subfield>
  </datafield>
  <datafield tag="520" ind1=" " ind2=" ">
    <subfield code="a">La mayor&#xED;a de los cuentos reunidos en este libro pertenecen al genero fant&#xE1;stico. Algunos surgieron a partir de cr&#xF3;nicas policiales,  de pinturas o simplemente de la visi&#xF3;n de alg&#xFA;n conventillo, otro explora el efecto de la inmortalidad causar&#xED;a en los hombres, hay una glosa al Martin Fierro, sue&#xF1;os sobre la identidad personal y fantas&#xED;as del tiempo. El cuento "El Aleph", publicado por primera vez en 1945, aborda uno de los temas recurrentes en la literatura de Borges: el infinito. Porque en esa esfera resplandeciente confluyen de un modo asombroso todos los tiempos y todos los espacios.</subfield>
  </datafield>
  <datafield tag="650" ind1=" " ind2="7">
    <subfield code="a">Literatura argentina</subfield>
    <subfield code="2">embne</subfield>
  </datafield>
  <datafield tag="655" ind1=" " ind2="7">
    <subfield code="2">embne</subfield>
    <subfield code="a">Cuentos</subfield>
  </datafield>
  <datafield tag="942" ind1=" " ind2=" ">
    <subfield code="2">udc</subfield>
    <subfield code="c">OG</subfield>
    <subfield code="n">0</subfield>
  </datafield>
  <datafield tag="999" ind1=" " ind2=" ">
    <subfield code="c">1053</subfield>
    <subfield code="d">1053</subfield>
  </datafield>
  <datafield tag="952" ind1=" " ind2=" ">
    <subfield code="0">0</subfield>
    <subfield code="1">0</subfield>
    <subfield code="2">udc</subfield>
    <subfield code="4">0</subfield>
    <subfield code="7">0</subfield>
    <subfield code="8">CG</subfield>
    <subfield code="a">ESOCIALES</subfield>
    <subfield code="b">ESOCIALES</subfield>
    <subfield code="d">2026-06-22</subfield>
    <subfield code="e">Donaci&#xF3;n 2026</subfield>
    <subfield code="l">0</subfield>
    <subfield code="o">82-32(82) B732</subfield>
    <subfield code="p">001534</subfield>
    <subfield code="r">2026-06-22 17:16:35</subfield>
    <subfield code="w">2026-06-22</subfield>
    <subfield code="y">OG</subfield>
  </datafield>
</record>
